Elementary and Intermediate Algebra: A combined course

সংরক্ষণ করুন:
গ্রন্থ-পঞ্জীর বিবরন
প্রধান লেখক: Roland E Larson
বিন্যাস: গ্রন্থ
ভাষা:Undetermined
প্রকাশিত: Lexington, Massachusetts D. C. Health 1996
বিষয়গুলি:
ট্যাগগুলো: ট্যাগ যুক্ত করুন
কোনো ট্যাগ নেই, প্রথমজন হিসাবে ট্যাগ করুন!
Thư viện lưu trữ: Trung tâm Học liệu Trường Đại học Cần Thơ
LEADER 00544nam a2200193Ia 4500
001 CTU_17805
008 210402s9999 xx 000 0 und d
020 |b USA 
082 |a 512 
082 |b L335 
100 |a Roland E Larson 
245 0 |a Elementary and Intermediate Algebra: A combined course 
245 0 |c Roland E Larson, Robert P Hostetler 
260 |a Lexington, Massachusetts 
260 |b D. C. Health 
260 |c 1996 
650 |a algebra 
904 |i Minh, 970805 
980 |a Trung tâm Học liệu Trường Đại học Cần Thơ